000
00337nam a2200145Ia 4500
008
220216s9999 xx 000 0 und d
100
_a
Mohankumar S.
245
0
_a
How to check SR price rise
260
_b
Rubber Asia
_c
1994
300
_a
53-55
650
_a
Price
650
_a
Synthetic rubber
700
_a
Babu V.I.
942
_c
BS
999
_c
52130
_d
52130